000
00207nam a22001097a 4500
040
_c
SK
082
_a
428
100
_a
RICHARD HALLOWS
245
_a
IELTS EXPRESS
260
_a
USTRALIA
_b
RIC
_c
NA
942
_c
EK
999
_c
8534
_d
8534